| 000 | 00659cam a2200217 4500 | ||
|---|---|---|---|
| 001 | J87 | ||
| 008 | 090401t1991 xxu||||| |||| 00| 0 eng d | ||
| 035 | _a(Sirsi) u38106 | ||
| 041 | _aeng | ||
| 050 | _a711.552 | ||
| 110 |
_aHillier Parker Research _92002 |
||
| 245 | _aRetail warehouse park development master list. - Spring 1991. | ||
| 260 |
_aLondon _bHillier Parker May and Rowden _c1991 |
||
| 300 | _a9p. ; 30cm. | ||
| 350 | _a0.15 | ||
| 520 | _aPublished in association with the British Council of Shopping Centres. | ||
| 650 | _aRETAIL WAREHOUSES | ||
| 690 | _aPROPERTY-COMMERCIAL PROPERTY-RETAIL PROPERTY | ||
| 942 | _n0 | ||
| 948 | _c04/03/1997 | ||
| 999 |
_c90609 _d90609 |
||